Sports Quiz

Random Sports or MLB Quiz

Big 4 Record Numbers Quiz Stats

Quiz Updated Jun 13, 2016

Challenge
Share
Tweet
Embed
Score 0/36 Timer 08:00
3 Plays Today
% Correct
100
93.1%
762
83.6%
109
82.6%
2105
81.6%
73
80.4%
7
78%
4256
75.8%
56
74.7%
38387
72.8%
55
67.1%
71940
63.2%
511
63.2%
10
58.8%
5714
58.5%
1964
58.3%
98
58%
28
54.1%
262
53.6%
% Correct
14
53.4%
30
53.2%
191
48.5%
48
48.2%
1406
46%
20
44.9%
468
43.1%
92
41.8%
18355
41.2%
15806
40.5%
1611
37.5%
163
36.9%
215
34.8%
6300
33.5%
402
32.2%
28928
25.6%
197
24.8%
309
20.3%

You're not logged in!

Compare scores with friends on all Sporcle quizzes.
Join for Free
OR
Log In

You Might Also Like...

Show Comments

Extras

Top Quizzes Today


Score Distribution

Your Account Isn't Verified!

In order to create a playlist on Sporcle, you need to verify the email address you used during registration. Go to your Sporcle Settings to finish the process.

Report this User

Report this user for behavior that violates our Community Guidelines.

Details: